|
|
|
|
| LEADER |
01000nam a2200253 a 4500 |
| 001 |
14477348 |
| 008 |
100525s2007 nyu b 001 0 eng d |
| 010 |
|
|
|a 2006025325
|
| 020 |
|
|
|a 8130904519
|
| 040 |
|
|
|a DLC
|c DLC
|d BAKER
|d C#P
|d GK8
|d YDXCP
|d DLC
|d BD-DhAAL
|
| 082 |
0 |
0 |
|a 883/.01
|2 22
|
| 245 |
0 |
0 |
|a Homer /
|c edited and with an introduction by Harold Bloom.
|
| 260 |
|
|
|a New Delhi :
|b Viva Books,
|c c2007.
|
| 300 |
|
|
|a vii, 92 p. ;
|c 25 cm.
|
| 490 |
0 |
|
|a Viva Bloom's Notes.
|
| 504 |
|
|
|a Includes bibliographical references (p. 86-89) and index.
|
| 541 |
1 |
|
|e 00020325
|
| 600 |
0 |
0 |
|a Homer
|x Criticism and interpretation.
|
| 650 |
|
0 |
|a Epic poetry, Greek
|x History and criticism.
|
| 650 |
|
0 |
|a Mythology, Greek, in literature.
|
| 700 |
1 |
|
|a Bloom, Harold.
|
| 852 |
4 |
|
|a Ayesha Abed Library
|j General shelf
|
| 999 |
|
|
|c 8715
|d 8715
|
| 952 |
|
|
|0 0
|1 0
|2 ddc
|4 0
|6 883_010000000000000_HOM_2007
|7 0
|9 10507
|a BRACUL
|b BRACUL
|c GEN
|d 2010-05-25
|l 4
|m 7
|o 883.01 HOM
|p 3010020325
|q 2026-05-21
|r 2026-05-14
|s 2026-05-14
|t 1
|w 2010-05-25
|y BK
|